000 00797cad a22001935a 4500
001 L155547
008 120328s2012 xxk f 000 0 eng d
035 _a(Sirsi) u155547
041 0 _aeng
110 2 _aTenant Services Authority
_95662
245 0 4 _aThe regulatory framework for social housing in England from April 2012
_h[electronic resource]
260 _aLondon
_bTSA
_c2012
520 _aOutline regulatory framework documentation for social housing in England with effect from 1 April 2012. Annexe A (L155548) and Annexe B (L155549)
590 _aKA NTK
651 4 _aEngland
_y886-
690 _aAffordable housing
_96215
856 4 0 _uhttps://www.tenantservicesauthority.org/upload/pdf/rf-main-full.pdf
_zView the item free of charge at www.tenantservicesauthority.org
942 _n0
999 _c113652
_d113652